| 000 | 00517nam a2200157Ia 4500 | ||
|---|---|---|---|
| 008 | 220216s9999 xx 000 0 und d | ||
| 100 | _aNehru C.R. | ||
| 245 | 0 | _aEvaluation of biological and chemical control strategies against the white grubs (Holotrichia serrata) infesting rubber seedlings | |
| 260 |
_bIndian Journal of Natural Rubber Research _c1993 |
||
| 300 | _a159-162 | ||
| 650 | _aBiological control | ||
| 650 | _aHolotrichia serrata | ||
| 650 | _aWhite grub | ||
| 700 | _aJayarathnam K. | ||
| 942 | _cBS | ||
| 999 |
_c50216 _d50216 |
||